| 000 | 00594cam a22001935a 4500 | ||
|---|---|---|---|
| 001 | L157246 | ||
| 008 | 121004m18051869xxk f 000 0 eng d | ||
| 035 | _a(Sirsi) u157246 | ||
| 041 | 0 | _aeng | |
| 110 | 2 |
_aOrdnance Survey _91860 |
|
| 245 | 0 | 0 | _aGeneral survey of England and Wales |
| 260 |
_aLondon _bW. Mudge _c[1805-1869] |
||
| 300 |
_a2 v. _bmaps _c66 cm. |
||
| 520 | _aBound, numbered series of maps nos. 1-110 (some sheets mssing?). | ||
| 583 |
_aCondition reviewed _c20120620 _lcondition level 4 or 2 |
||
| 651 | 4 |
_aEngland and Wales _y1543- |
|
| 690 |
_aGeomatics _96242 |
||
| 942 | _n0 | ||
| 999 |
_c114673 _d114673 |
||